000
00342nam a2200133Ia 4500
008
231129s2010||||xx |||||||||||||| ||spa||
020
_a
978-958-30-3405-3
040
_b
spa
082
_a
930 C341
245
0
_a
Casos e incógnitas sin resolver
260
_c
2010
264
_a
Panamericana
942
_2
ddc
_c
BKS
999
_c
6763
_d
6763